| 000 -LEADER |
| fixed length control field |
00384nam a22001217a 4500 |
| 008 - FIXED-LENGTH DATA ELEMENTS--GENERAL INFORMATION |
| fixed length control field |
250304b ||||| |||| 00| 0 eng d |
| 020 ## - INTERNATIONAL STANDARD BOOK NUMBER |
| International Standard Book Number |
9780448484099 |
| 082 ## - DEWEY DECIMAL CLASSIFICATION NUMBER |
| Classification number |
932 HOO |
| 100 ## - MAIN ENTRY--PERSONAL NAME |
| Personal name |
HOBBLER,DOROTHY AND THOMAS |
| Relator term |
AUTHOR |
| 245 ## - TITLE STATEMENT |
| Title |
WHERE ARE THE GREAT PYRAMIDS? |
| 260 ## - PUBLICATION, DISTRIBUTION, ETC. |
| Place of publication, distribution, etc. |
PENGUIN RANDOM HOUSE LLC,345,HUDSON STREET,NEW YORK,NEW YORK 10014 |
| Name of publisher, distributor, etc. |
PENGUIN WORKSHOP |
| Date of publication, distribution, etc. |
2015 |
| 942 ## - ADDED ENTRY ELEMENTS (KOHA) |
| Source of classification or shelving scheme |
|